Gladiador o esclavo : tú decides /

Guardado en:
Autor Principal: Primo, Loida, (autora.)
Formato: eBook
Idioma:Spanish
Publicado: Madrid : Bubok Editorial, 2025.
Edición:5a edición.
Materias:
Acceso en línea:https://elibro.net/ereader/unsbiblio/280478
Etiquetas: Agregar Etiqueta
Sin Etiquetas, Sea el primero en etiquetar este registro!
LEADER 01392nam a2200397 i 4500
001 elibro.ELB280478
003 FINmELB
005 20250421132030.5
006 m o d |
007 cr cnu||||||||
008 250325s2025 sp o 001 0 spa d
017 |a M-16516-2020  |b España 
020 |a 9788468566375  |q (print) 
020 |a 9788468566672  |q (e-book) 
035 |a (OCoLC)1516262904 
040 |a FINmELB  |b spa  |e rda  |c FINmELB 
050 4 |a HB615  |b P953 2025 
080 |a 658.114.1 
082 0 4 |a 658.11  |2 23 
100 1 |a Primo, Loida,  |e autora. 
245 1 0 |a Gladiador o esclavo :  |b tú decides /  |c Loida Primo. 
250 |a 5a edición. 
264 1 |a Madrid :  |b Bubok Editorial,  |c 2025. 
300 |a 1 recurso en línea (200 páginas) 
336 |a texto  |b txt  |2 rdacontent/spa 
337 |a computadora  |b c  |2 rdamedia/spa 
338 |a recurso en línea  |b cr  |2 rdacarrier/spa 
500 |a Incluye epílogo. 
500 |a Incluye índice. 
588 |a Descripción basada en metadatos suministrados por el editor y otras fuentes. 
590 |a Recurso electrónico. Santa Fe, Arg.: elibro, 2025. Disponible vía World Wide Web. El acceso puede estar limitado para las bibliotecas afiliadas a elibro. 
650 4 |a Comercio. 
650 4 |a Emprendimiento. 
655 4 |a Libros electrónicos. 
797 2 |a elibro, Corp. 
856 4 0 |u https://elibro.net/ereader/unsbiblio/280478